Statistics for Literature by Letter - M

Click here to take the quiz!

General Stats

  • This quiz has been taken 15,354 times
    (15,326 since last reset)
  • The average score is 12 of 20

Answer Stats

HintAnswer% Correct
Classic book about Ahab and the White WhaleMoby Dick
97%
Victor Hugo novel about the life of Jean ValjeanLes {Misérables}
94%
Mythical king. Everything he touched turned to goldMidas
91%
Wonderland resident who invited Alice to an "unbirthday" partyMad Hatter
83%
Performers of this tragedy call it "the Scottish play", as saying
its name is supposedly bad luck
Macbeth
82%
Roald Dahl book about a girl with telekinetic powersMatilda
74%
The nine daughters of Zeus with the power to inspire poetry, theatre, and musicMuses
72%
Where Sauron dwells in "The Lord of the Rings"Mordor
67%
Novel featuring hard-boiled detective Sam Spade;
Humphrey Bogart made a movie version
{Maltese} Falcon, the
65%
The story of the girl who stood up for education and was shot by the TalibanI am {Malala}
58%
17th-century English poet who wrote "Paradise Lost"John Milton
57%
First of the Aubrey-Maturin 20-book series that describes
sea life during the Napoleonic wars
{Master} and Commander
56%
Romeo's friend who shouts, "A plague on both your houses!"Mercutio
56%
"Midnight's Children" and "Shantaram" were set in this Asian cityMumbai
55%
Playwright who wrote "The Crucible" and "Death of a Salesman"Arthur Miller
52%
Stephen King novel about an obsessive fan who torments an authorMisery
49%
Style of writing that includes supernatural elements.
Gabriel García Márquez was a practicioner
{Magic} Realism
44%
Author of "Gone with the Wind"Margaret Mitchell
38%
Author of "Beloved" and "The Bluest Eye"Toni Morrison
33%
"The Naked and the Dead" author and wife-stabberNorman Mailer
16%

Score Distribution

Percentile by Number Answered

Percent of People with Each Score

Your Score History

You have not taken this quiz since the last reset